000 00310nam a22001217a 4500
008 180421b xxu||||| |||| 00| 0 eng d
041 _aeng
080 _a043.3
100 _a0
101 _aMBE-BA
245 _aAnalize e Zhvillimit, Kuptimit, Definimeve dhe llojeve te Bankave
_cMustafa, Sh
942 _2udc
_cBK
999 _c45408
_d45408